[Event "Tournament 14475 - Europe Echecs"]
[Site "Europe Echecs"]
[Date "2020.07.12"]
[Round "8"]
[Time "17:43:30"]
[PlyCount "141"]
[White "LecciaThomas"]
[Black "SylvestreBaron"]
[WhiteElo "1893"]
[BlackElo "1728"]
[Mode "WEB"]
[Result "1-0"]

1. d4 Nf6 2. Nc3 d5 3. Bf4 c5 4. e3 e6 5. Nb5 Na6 6. Nf3 Bd7 7. Nd6+ Bxd6 8.
Bxd6 cxd4 9. Nxd4 Ne4 10. Be5 Qa5+ 11. c3 Rc8 12. Bxa6 Qxa6 13. Qe2 Qxe2+ 14.
Nxe2 f6 15. Bg3 e5 16. f3 Nc5 17. O-O Bb5 18. Rfe1 Nd3 19. Reb1 Nc5 20. Kf2 Nd3+
21. Kf1 Kf7 22. a4 Ba6 23. b4 Bc4 24. Kg1 b6 25. Nc1 e4 26. f4 Nxc1 27. Rxc1 Rc6
28. f5 Rhc8 29. b5 Rc5 30. Bd6 R5c7 31. Bxc7 Rxc7 32. Kf2 Ke7 33. Ke1 Kd6 34.
Kd2 Ke5 35. g4 g6 36. fxg6 hxg6 37. Rcb1 Rh7 38. Rh1 Rh4 39. h3 g5 40. Rh2 Rh7
41. Kc2 Bd3+ 42. Kb2 a5 43. bxa6 Ra7 44. Rf2 Rxa6 45. Kb3 b5 46. a5 Ke6 47. Kb4
Ke7 48. Rf5 Bc4 49. Rh1 Kf7 50. h4 gxh4 51. Rxh4 Kg6 52. Rh8 Be2 53. Rxd5 Bc4
54. Rd4 Bd3 55. Rg8+ Kh7 56. Rb8 Kg6 57. Rb6 Ra8 58. a6 Kg5 59. Rd7 Kxg4 60.
Rxf6 Bc4 61. a7 Kg3 62. Rb6 Bd5 63. Rb8 Rxa7 64. Rxa7 Kf3 65. Rxb5 Kxe3 66. Rxd5
Kf2 67. Re7 e3 68. Rf5+ Ke2 69. Rfe5 Kd3 70. Rxe3+ Kd2 {SylvestreBaron a abandonné} 1-0

[Event "Tournament 14475 - Europe Echecs"]
[Site "Europe Echecs"]
[Date "2020.07.12"]
[Round "8"]
[Time "17:43:30"]
[PlyCount "135"]
[White "StrichardHadri"]
[Black "TritonMaxime"]
[WhiteElo "1199"]
[BlackElo "1843"]
[Mode "WEB"]
[Result "0-1"]

1. e4 g6 2. d4 Nf6 3. e5 Nh5 4. Be2 d6 5. Nf3 c5 6. d5 dxe5 7. Nxe5 Nf6 8. c4
Bg7 9. O-O O-O 10. Nc3 Nbd7 11. Nf3 a6 12. a4 Ng4 13. Qd2 Qc7 14. h3 Nge5 15. b3
Nxf3+ 16. Bxf3 Ne5 17. Qe3 Bf5 18. Bb2 Nxf3+ 19. Qxf3 h5 20. Ra2 Rad8 21. Ne4
Bxb2 22. Rxb2 Rfe8 23. Re1 b6 24. Qe3 Bxe4 25. Qxe4 Rd6 26. Rbe2 Rd7 27. Re3 Qd6
28. Rf3 Rb7 29. Qf4 Qxf4 30. Rxf4 Rd7 31. Re3 Kg7 32. Rfe4 Kf6 33. Rf3+ Kg7 34.
Rd3 Rb8 35. Rde3 Kf6 36. Rf3+ Kg7 37. Rfe3 Kf8 38. Kf1 b5 39. axb5 axb5 40. g3
Rb6 41. Re5 Ra7 42. Kg2 bxc4 43. bxc4 Rb4 44. R5e4 Rd7 45. Kf3 Rbb7 46. Re2 Kg7
47. h4 Rb3+ 48. R4e3 Rxe3+ 49. Rxe3 Kf6 50. Kf4 Rb7 51. f3 Rb4 52. Re4 Rb1 53.
Re3 Rc1 54. Re4 Rc3 55. g4 hxg4 56. fxg4 Rh3 57. g5+ Kg7 58. Kg4 Rd3 59. Rxe7
Rd4+ 60. Kg3 Rxc4 61. d6 Rd4 62. d7 c4 63. Kf3 c3 64. Ke3 Rd6 65. Ke4 c2 66.
Rxf7+ Kxf7 67. Ke5 Rxd7 {StrichardHadri a abandonné} 0-1

[Event "Tournament 14475 - Europe Echecs"]
[Site "Europe Echecs"]
[Date "2020.07.12"]
[Round "8"]
[Time "17:43:30"]
[PlyCount "62"]
[White "TighargharElio"]
[Black "GreuthierAlois"]
[WhiteElo "1119"]
[BlackElo "1601"]
[Mode "WEB"]
[Result "1-0"]

1. e4 e5 2. Nf3 Nc6 3. Nc3 Nf6 4. d4 exd4 5. Nxd4 Bb4 6. Nxc6 bxc6 7. f3 d5 8.
Bd3 dxe4 9. Bxe4 Bxc3+ 10. bxc3 Qxd1+ 11. Kxd1 Nxe4 12. fxe4 Bg4+ 13. Ke1 O-O
14. h3 Bh5 15. g4 Bg6 16. Bf4 Rac8 17. Rh2 Bxe4 18. Rd2 Rfe8 19. Kf2 h6 20. Re1
Bd5 21. a3 Rxe1 22. Kxe1 c5 23. Rxd5 Re8+ 24. Kd2 Re4 25. Bxc7 Ra4 26. Bd6 Rxa3
27. Bxc5 Ra1 28. Rd3 a6 29. c4 Kh7 30. Bd4 Kg6 31. Bxa1 {GreuthierAlois a abandonné} 1-0

[Event "Tournament 14475 - Europe Echecs"]
[Site "Europe Echecs"]
[Date "2020.07.12"]
[Round "8"]
[Time "17:43:30"]
[PlyCount "163"]
[White "BOUMRARAyrad"]
[Black "FondratJohan"]
[WhiteElo "1431"]
[BlackElo "1509"]
[Mode "WEB"]
[Result "0-1"]

1. d4 d5 2. c4 c6 3. Nf3 Nf6 4. Nc3 g6 5. Qb3 Qb6 6. c5 Qxb3 7. axb3 a6 8. Bf4
Bg7 9. e3 O-O 10. Be2 Nh5 11. Be5 f6 12. Bc7 Be6 13. O-O Rc8 14. Bg3 Nxg3 15.
hxg3 Bf7 16. b4 e5 17. b5 a5 18. Na4 Nd7 19. bxc6 bxc6 20. Rfc1 Rcb8 21. Kf1 Kf8
22. Ke1 g5 23. Nh2 Bg6 24. Nf3 h6 25. Nd2 Rb4 26. Nf3 f5 27. dxe5 Nxe5 28. Nxe5
Bxe5 29. Nb6 Ra7 30. Ra2 Bxb2 31. Rc2 Bf6 32. Bd3 Rb3 33. Ke2 Rxd3 34. Kxd3 f4+
35. Kd2 Bxc2 36. Kxc2 fxg3 37. fxg3 Be7 38. Na4 Rb7 39. Rb2 Rxb2+ 40. Kxb2 Kf7
41. Kc3 Ke6 42. Kd3 Ke5 43. g4 Ke6 44. Kd4 Bf6+ 45. Kd3 Kd7 46. Nb6+ Kc7 47. Na4
Kb7 48. Kc2 Ka6 49. Kb3 Kb5 50. Nb6 Be7 51. Nd7 Bxc5 52. Ne5 Bxe3 53. Nf7 a4+
54. Kc2 Kb4 55. Nxh6 a3 56. Kb1 Kb3 57. Nf5 a2+ 58. Ka1 Bc1 59. Nd4+ Ka3 60.
Nc2+ Kb3 61. Nd4+ Kc3 62. Ne2+ Kd2 63. Nd4 c5 64. Nb3+ Kc2 65. g3 c4 66. Nd4+
Kd3 67. Ne6 c3 68. Nc5+ Kc4 69. Nb3 Be3 70. Kxa2 d4 71. Na5+ Kd3 72. Nb3 Kc2 73.
Na1+ Kd1 74. Kb1 d3 75. Ka2 c2 76. Nb3 c1=Q 77. Nxc1 Kxc1 78. Ka1 d2 79. Ka2
d1=Q 80. Ka3 Bc5+ 81. Ka2 Qa4# {BOUMRARAyrad est échec et mat} 0-1

[Event "Tournament 14475 - Europe Echecs"]
[Site "Europe Echecs"]
[Date "2020.07.12"]
[Round "8"]
[Time "17:43:30"]
[PlyCount "107"]
[White "ChevillonManon"]
[Black "MorataJules"]
[WhiteElo "1356"]
[BlackElo "1568"]
[Mode "WEB"]
[Result "0-1"]

1. e4 d5 2. exd5 Qxd5 3. Nc3 Qa5 4. d4 Nf6 5. Nf3 Bg4 6. Be2 e6 7. Be3 c6 8. h3
Bh5 9. Qd2 Qc7 10. Ne5 Bxe2 11. Qxe2 Bd6 12. Nf3 Nbd7 13. a3 Nb6 14. O-O Nbd5
15. Nxd5 Nxd5 16. c4 Nf6 17. Ng5 h6 18. Nf3 g5 19. Rfe1 O-O-O 20. b4 g4 21. hxg4
Nxg4 22. b5 Rdg8 23. Qb2 Nh2 24. Nxh2 Bxh2+ 25. Kf1 Rg6 26. a4 Rhg8 27. a5 Rxg2
28. b6 axb6 29. axb6 Qb8 30. d5 exd5 31. cxd5 Be5 32. Ra8 Rg1+ 33. Ke2 Rxe1+ 34.
Kxe1 Bxb2 35. Rxb8+ Kxb8 36. d6 Kc8 37. Bf4 Kd7 38. Kd2 Ba3 39. Kc3 h5 40. Kc4
Bxd6 41. Bxd6 Kxd6 42. Kd4 Rg4+ 43. Kc3 Kc5 44. Kd3 h4 45. Ke2 Kd4 46. Kf3 Rg8
47. Kf4 h3 48. Kf3 h2 49. Kf4 h1=Q 50. Kf5 Qe4+ 51. Kf6 Rg6+ 52. Kxf7 Qe6+ 53.
Kf8 Rg8# {ChevillonManon est échec et mat} 0-1

[Event "Tournament 14475 - Europe Echecs"]
[Site "Europe Echecs"]
[Date "2020.07.12"]
[Round "8"]
[Time "17:43:30"]
[PlyCount "66"]
[White "GavilaQuentin"]
[Black "CiarlettaIris"]
[WhiteElo "1199"]
[BlackElo "1493"]
[Mode "WEB"]
[Result "1-0"]

1. e4 c5 2. d4 cxd4 3. c3 dxc3 4. Nxc3 g6 5. Nf3 Bg7 6. Bc4 Nc6 7. O-O d6 8. Bf4
Nf6 9. Qe2 O-O 10. Rfd1 a6 11. e5 Nd7 12. e6 fxe6 13. Bxe6+ Kh8 14. Bg3 Nc5 15.
Bd5 Bg4 16. Rac1 Bxf3 17. Bxf3 Nd4 18. Qe3 Nxf3+ 19. gxf3 Qe8 20. Nd5 e6 21. Nc7
Qc6 22. Nxa8 Rxf3 23. Rxd6 Rxe3 24. Rxc6 Rxg3+ 25. fxg3 Nd3 26. Rc8+ Bf8 27.
Rxf8+ Kg7 28. Rcc8 b6 29. Nc7 Nxb2 30. g4 h5 31. g5 b5 32. Nxe6+ Kh7 33. Rh8# {CiarlettaIris est échec et mat} 1-0

[Event "Tournament 14475 - Europe Echecs"]
[Site "Europe Echecs"]
[Date "2020.07.12"]
[Round "8"]
[Time "17:43:30"]
[PlyCount "54"]
[White "BachyLouis"]
[Black "HeilerLucas"]
[WhiteElo "1264"]
[BlackElo "1463"]
[Mode "WEB"]
[Result "1-0"]

1. e4 e6 2. d4 d5 3. Nc3 dxe4 4. f3 exf3 5. Nxf3 Nf6 6. Bc4 Bb4 7. Bg5 h6 8. Bd2
O-O 9. Qe2 Nc6 10. O-O-O a6 11. a3 Bxc3 12. Bxc3 b5 13. Bd3 Nd5 14. Qe4 Nf6 15.
Qe2 Rb8 16. Ne5 Bb7 17. Ng4 Nxg4 18. Qxg4 Qe7 19. Bd2 g5 20. h4 f6 21. hxg5 Qg7
22. Qxe6+ Rf7 23. gxh6 Nxd4 24. hxg7 Nxe6 25. Rh8+ Kxg7 26. Rxb8 Bxg2 27. Rg1 {HeilerLucas a abandonné} 1-0

[Event "Tournament 14475 - Europe Echecs"]
[Site "Europe Echecs"]
[Date "2020.07.12"]
[Round "8"]
[Time "17:43:30"]
[PlyCount "99"]
[White "DhenninTanguy"]
[Black "FavierSagnesJu"]
[WhiteElo "1160"]
[BlackElo "1178"]
[Mode "WEB"]
[Result "0-1"]

1. e4 e6 2. d4 d5 3. Bd3 dxe4 4. Bxe4 Nf6 5. Bf3 Be7 6. Ne2 O-O 7. O-O c6 8.
Nbc3 Nbd7 9. Bg5 h6 10. Bh4 Qb6 11. Rb1 Re8 12. Qd2 Bb4 13. Qd3 Be7 14. Ne4 Nxe4
15. Qxe4 Bxh4 16. Qxh4 e5 17. Rfe1 exd4 18. Nxd4 Rxe1+ 19. Rxe1 Nf6 20. b3 Bd7
21. h3 Qa5 22. Rd1 Qxa2 23. Be4 Nxe4 24. Qxe4 Qa5 25. Nf3 Be6 26. b4 Qc7 27. Ne5
Rd8 28. Re1 Re8 29. Qf3 Bd5 30. Qf5 Bc4 31. Re3 Be6 32. Qf4 f6 33. Rg3 Qxe5 34.
Qxh6 Re7 35. f4 Qe1+ 36. Kh2 Qxb4 37. c3 Qd6 38. Qh5 a5 39. f5 Bf7 40. Qg4 Be8
41. h4 b5 42. h5 Kf8 43. h6 Kg8 44. h7+ Kh8 45. Qh4 a4 46. Qh6 Qd7 47. Rxg7 Rxg7
48. g4 Rxh7 49. Qxh7+ Qxh7+ {DhenninTanguy a perdu au temps} 0-1

[Event "Tournament 14475 - Europe Echecs"]
[Site "Europe Echecs"]
[Date "2020.07.12"]
[Round "9"]
[Time "18:13:48"]
[PlyCount "98"]
[White "LamazeSimon"]
[Black "EugeneFloryan"]
[WhiteElo "2185"]
[BlackElo "2343"]
[Mode "WEB"]
[Result "1-0"]

1. d4 Nf6 2. Nf3 g6 3. g3 Bg7 4. b3 d6 5. Bb2 c5 6. c4 Ne4 7. Bg2 Qa5+ 8. Nfd2
Nxd2 9. Qxd2 Qxd2+ 10. Nxd2 cxd4 11. O-O-O Nc6 12. e3 dxe3 13. Bxg7 exd2+ 14.
Rxd2 Rg8 15. Bc3 Be6 16. Re1 Rc8 17. Kb2 b6 18. f4 Kd7 19. Rde2 h5 20. h3 Rge8
21. Re3 a6 22. a4 Rb8 23. Rd1 Rec8 24. Red3 Nd8 25. Bb4 Nb7 26. Re3 Nc5 27. Bf1
Rg8 28. Rde1 Rbe8 29. a5 Rb8 30. Rd1 Rgc8 31. Ka3 bxa5 32. Bxa5 Nb7 33. Bb6 Rc6
34. Bd4 Nd8 35. Rc3 Rcc8 36. c5 Ke8 37. b4 a5 38. b5 dxc5 39. Rxc5 Rxc5 40. Bxc5
Nb7 41. Ba7 Ra8 42. b6 Nd6 43. Ka4 Bd7+ 44. Kxa5 Bc6 45. Rc1 Kd7 46. Rxc6 Kxc6
47. Bg2+ Kc5 48. Bxa8 Nc4+ 49. Ka6 {EugeneFloryan a abandonné} 1-0

[Event "Tournament 14475 - Europe Echecs"]
[Site "Europe Echecs"]
[Date "2020.07.12"]
[Round "9"]
[Time "18:13:48"]
[PlyCount "242"]
[White "DroinAugustin"]
[Black "JolyJulien"]
[WhiteElo "2313"]
[BlackElo "2188"]
[Mode "WEB"]
[Result "1/2-1/2"]

1. e4 c5 2. Nf3 e6 3. d4 cxd4 4. Nxd4 Nf6 5. Nc3 Nc6 6. a3 d6 7. Be2 Be7 8. Be3
Bd7 9. g4 h6 10. h4 Nxd4 11. Bxd4 Bc6 12. Bf3 Rc8 13. g5 hxg5 14. hxg5 Rxh1+ 15.
Bxh1 Nd7 16. Qh5 Bxg5 17. Bxg7 Bf6 18. Bxf6 Nxf6 19. Qg5 Ke7 20. O-O-O Qg8 21.
Qa5 a6 22. Kb1 Nd7 23. Qb4 Nc5 24. e5 Bxh1 25. exd6+ Kd7 26. Rxh1 Qg2 27. Qh4
Re8 28. Rd1 Qf3 29. Qd4 Rc8 30. Na4 Nxa4 31. Qxa4+ Rc6 32. Qd4 Qh5 33. Rd2 Qc5
34. Qf6 Rxd6 35. Qxf7+ Kc6 36. Qf3+ Kb6 37. Rxd6+ Qxd6 38. Kc1 Ka7 39. c3 Ka8
40. Kc2 Qc5 41. Qe3 Qf5+ 42. Kc1 Qd5 43. Qd4 Qf5 44. b3 Qg5+ 45. Qe3 Qd5 46. Kb2
Qf5 47. a4 Qd5 48. Qf4 Qc5 49. b4 Qe7 50. Kb3 Qd7 51. Qf8+ Ka7 52. Qc5+ Ka8 53.
Qd4 Qf7 54. Kb2 Qf5 55. c4 e5 56. Qe3 Qe6 57. Kb3 Qf5 58. Kb2 Qe6 59. Qd3 Qf6
60. Qd2 Qe6 61. Qe2 Qd6 62. Kb3 Qd4 63. b5 a5 64. Qc2 Qa1 65. Qd3 Qe1 66. Qc3
Qb1+ 67. Ka3 b6 68. Qxe5 Qb4+ 69. Ka2 Qxa4+ 70. Kb1 Qb4+ 71. Ka1 Qa4+ 72. Kb1
Qb3+ 73. Kc1 Qxc4+ 74. Kd2 Qb4+ 75. Ke2 Qc4+ 76. Kf3 Qd3+ 77. Kf4 Qd2+ 78. Kg3
Qd3+ 79. f3 Qg6+ 80. Kf4 Qf7+ 81. Kg5 a4 82. Qe4+ Kb8 83. Qxa4 Qg7+ 84. Kh4 Qh6+
85. Kg3 Qg5+ 86. Qg4 Qxb5 87. f4 Qd3+ 88. Kh4 b5 89. f5 Qd8+ 90. Qg5 Qh8+ 91.
Kg4 b4 92. Qf4+ Kc8 93. Qxb4 Qg7+ 94. Kf3 Qf6 95. Qf4 Kd7 96. Kg4 Ke7 97. Qe4+
Kf7 98. Qd5+ Kg7 99. Qd7+ Qf7 100. Qd4+ Qf6 101. Qc4 Qf7 102. Qc5 Qf6 103. Qe3
Kf7 104. Qa7+ Qe7 105. Qa2+ Kg7 106. Qg2 Kf7 107. Kh5 Qf6 108. Qb7+ Kf8 109.
Qc8+ Kf7 110. Qd7+ Kf8 111. Kg4 Qg7+ 112. Qxg7+ Kxg7 113. Kg5 Kf7 114. f6 Kf8
115. Kf4 Kf7 116. Kf5 Kf8 117. Ke5 Kf7 118. Kf5 Kf8 119. Kg6 Kg8 120. f7+ Kf8
121. Kf6 {Nulle par pat} 1/2-1/2

[Event "Tournament 14475 - Europe Echecs"]
[Site "Europe Echecs"]
[Date "2020.07.12"]
[Round "9"]
[Time "18:13:48"]
[PlyCount "90"]
[White "MateriaMarco"]
[Black "MakkarRajat"]
[WhiteElo "2269"]
[BlackElo "2214"]
[Mode "WEB"]
[Result "1-0"]

1. Nf3 Nf6 2. c4 c5 3. Nc3 d5 4. cxd5 Nxd5 5. e3 Nc6 6. Bb5 Nxc3 7. bxc3 Qc7 8.
O-O e5 9. d4 cxd4 10. exd4 exd4 11. cxd4 a6 12. Re1+ Be7 13. Bxc6+ bxc6 14. Ba3
Be6 15. Bxe7 Qxe7 16. Qa4 O-O 17. Qxc6 Qd8 18. Re5 Rc8 19. Qxa6 Bd5 20. Qd3 Bxf3
21. gxf3 Qb6 22. a4 Rfd8 23. a5 Qb2 24. Rd1 Rc3 25. Qb5 Qxb5 26. Rxb5 Rxf3 27.
d5 f6 28. a6 Ra3 29. Rb6 Kf7 30. Rb7+ Kg6 31. a7 Rd6 32. Rd3 Ra5 33. Rg3+ Kf5
34. Rgxg7 Rdxd5 35. Kg2 Rd2 36. Rxh7 Raa2 37. Kg3 Rxf2 38. Rh5+ Kg6 39. Rh8 Rg2+
40. Kf3 Rgf2+ 41. Ke3 Rfe2+ 42. Kd3 Red2+ 43. Kc4 Rdc2+ 44. Kd5 Rc1 45. a8=Q {MakkarRajat a abandonné} 1-0

[Event "Tournament 14475 - Europe Echecs"]
[Site "Europe Echecs"]
[Date "2020.07.12"]
[Round "9"]
[Time "18:13:48"]
[PlyCount "80"]
[White "SayaEthan"]
[Black "Razafindratsim"]
[WhiteElo "2199"]
[BlackElo "2336"]
[Mode "WEB"]
[Result "1/2-1/2"]

1. e4 c5 2. Nc3 d6 3. d4 cxd4 4. Qxd4 Nc6 5. Bb5 Bd7 6. Bxc6 Bxc6 7. Nf3 e5 8.
Qd3 h6 9. O-O Nf6 10. Rd1 Be7 11. Nd2 Qc7 12. Nc4 Rd8 13. Ne3 g6 14. Ned5 Bxd5
15. Nxd5 Nxd5 16. Qxd5 Qxc2 17. Be3 Qc6 18. Bxa7 O-O 19. Be3 Kg7 20. Rac1 Qxd5
21. Rxd5 Rc8 22. Rxc8 Rxc8 23. Rb5 Rc7 24. Kf1 f5 25. f3 f4 26. Bd2 Kf6 27. Ke2
Ke6 28. a4 g5 29. b4 h5 30. a5 g4 31. Rb6 g3 32. h3 h4 33. Kd3 Bd8 34. a6 bxa6
35. Rxa6 Rb7 36. Kc4 Rc7+ 37. Kb3 Rb7 38. Kc4 Rc7+ 39. Kb3 Rb7 40. Kc4 {Nulle par répétition} 1/2-1/2

[Event "Tournament 14475 - Europe Echecs"]
[Site "Europe Echecs"]
[Date "2020.07.12"]
[Round "9"]
[Time "18:13:48"]
[PlyCount "87"]
[White "BressyTheo"]
[Black "ProfiliEmilio"]
[WhiteElo "2289"]
[BlackElo "2053"]
[Mode "WEB"]
[Result "0-1"]

1. e4 e6 2. Nf3 d5 3. e5 c5 4. b4 cxb4 5. d4 Nc6 6. a3 bxa3 7. c3 Bd7 8. Bd3 b5
9. Bxa3 Bxa3 10. Nxa3 a6 11. Nc2 h6 12. Qd2 Na5 13. Qf4 Ne7 14. g4 Nc4 15. h4
Nb2 16. Be2 Qc7 17. Qd2 Na4 18. Ra3 Rc8 19. Nb4 a5 20. Na2 O-O 21. O-O Rb8 22.
Rc1 Rfc8 23. g5 h5 24. g6 fxg6 25. Kg2 Nf5 26. Qg5 Be8 27. Bd3 Qe7 28. Qxe7 Nxe7
29. Ng5 Bd7 30. Bc2 Rc7 31. Rb1 Rcb7 32. Nc1 Nf5 33. Nd3 Nxh4+ 34. Kh3 Nf5 35.
Bxa4 bxa4 36. Rxb7 Rxb7 37. Nc5 Rc7 38. Nxd7 Rxd7 39. Nxe6 Rb7 40. Nc5 Rb2 41.
Rxa4 Rxf2 42. Rxa5 g5 43. Ra8+ Kh7 {BressyTheo a abandonné} 0-1

[Event "Tournament 14475 - Europe Echecs"]
[Site "Europe Echecs"]
[Date "2020.07.12"]
[Round "9"]
[Time "18:13:48"]
[PlyCount "151"]
[White "HingouetMatthi"]
[Black "courjalpauline"]
[WhiteElo "2228"]
[BlackElo "1848"]
[Mode "WEB"]
[Result "1/2-1/2"]

1. d4 e6 2. c4 b6 3. Nc3 Bb7 4. Nf3 f5 5. a3 Nf6 6. d5 Bd6 7. g3 O-O 8. Bg2 a5
9. O-O Na6 10. Nd4 Nc5 11. Rb1 a4 12. Ndb5 Be7 13. Bf4 Ne8 14. h4 h6 15. Qc2 Bf6
16. Rbd1 e5 17. Be3 Qe7 18. Bxc5 Qxc5 19. Nxa4 Qe7 20. d6 Nxd6 21. Nxd6 Bxg2 22.
Nxf5 Qe6 23. Kxg2 Qc6+ 24. e4 Rxa4 25. Rc1 d6 26. Rfd1 Kh7 27. Rd5 Rfa8 28. f3
R4a5 29. Rxa5 bxa5 30. b4 axb4 31. axb4 Ra4 32. b5 Qa8 33. Qd3 Ra2+ 34. Rc2 Ra1
35. Ne3 Ra3 36. Qe2 c6 37. bxc6 Qxc6 38. Nd5 Bd8 39. Ra2 Rb3 40. Qc2 Qb7 41. Ra7
Qb8 42. Ra8 Qb7 43. Ra2 Rb1 44. Ra7 Qb8 45. Ra8 Qb7 46. Ra2 Bb6 47. Nxb6 Qxb6
48. Qf2 Qb7 49. Rd2 Qb8 50. Qe3 Ra1 51. Qd3 Ra6 52. Qd5 Qb6 53. Qd3 Ra1 54. Rf2
Qc5 55. Qd5 Qc7 56. Qe6 Qc5 57. Qf5+ Kg8 58. Qe6+ Kh7 59. h5 Rc1 60. g4 Rxc4 61.
Qg6+ Kg8 62. Rb2 Rc2+ 63. Rxc2 Qxc2+ 64. Kg3 Qc5 65. Qe6+ Kf8 66. Kg2 Qc2+ 67.
Kh3 Qd3 68. Qf5+ Ke7 69. Kg2 Qe2+ 70. Kg3 Qe1+ 71. Kh3 Qh1+ 72. Kg3 Qg1+ 73. Kh3
Qh1+ 74. Kg3 Qg1+ 75. Kh3 Qh1+ {Nulle par répétition} 1/2-1/2

[Event "Tournament 14475 - Europe Echecs"]
[Site "Europe Echecs"]
[Date "2020.07.12"]
[Round "9"]
[Time "18:13:48"]
[PlyCount "92"]
[White "RollotFlorence"]
[Black "RaclotLeo"]
[WhiteElo "1973"]
[BlackElo "2124"]
[Mode "WEB"]
[Result "1-0"]

1. Nf3 Nf6 2. c4 c5 3. g3 g6 4. Bg2 Bg7 5. O-O O-O 6. Nc3 Nc6 7. d4 cxd4 8. Nxd4
a6 9. c5 Qc7 10. Nb3 b6 11. Bf4 e5 12. cxb6 Qxb6 13. Be3 Qc7 14. Bc5 Re8 15. Bd6
Qb6 16. a4 Bb7 17. a5 Qa7 18. Nc5 Rad8 19. Qb3 Ba8 20. Qc4 Nd4 21. Qxa6 Qxa6 22.
Nxa6 Bxg2 23. Kxg2 Re6 24. Bc7 Rc8 25. Bb6 Nb3 26. Nc7 Rc6 27. Ra3 Nd2 28. a6
Rxb6 29. a7 Nxf1 30. Kxf1 Bf8 31. a8=Q Rxa8 32. Rxa8 Rxb2 33. N3d5 Nxd5 34. Nxd5
d6 35. Nf6+ Kg7 36. Nxh7 Be7 37. Ra7 Bd8 38. Ra8 Be7 39. Ra7 Bd8 40. Ra8 Bb6 41.
Ng5 Rb1+ 42. Kg2 d5 43. Rb8 Rb2 44. Rb7 Kf6 45. h4 Bd4 46. Rxf7# {RaclotLeo est échec et mat} 1-0

[Event "Tournament 14475 - Europe Echecs"]
[Site "Europe Echecs"]
[Date "2020.07.12"]
[Round "9"]
[Time "18:13:48"]
[PlyCount "69"]
[White "DesfontaineVin"]
[Black "TomasiElise"]
[WhiteElo "1620"]
[BlackElo "2030"]
[Mode "WEB"]
[Result "0-1"]

1. e4 e5 2. f4 d5 3. exd5 exf4 4. Nf3 Nf6 5. Bc4 Nxd5 6. O-O Be7 7. Nc3 Be6 8.
d4 Nxc3 9. bxc3 Bxc4 10. Re1 O-O 11. Bxf4 c5 12. Rb1 cxd4 13. Rxb7 Bf6 14. cxd4
Bd5 15. Rxb8 Rxb8 16. Bxb8 Qxb8 17. a3 Bxf3 18. Qxf3 Bxd4+ 19. Kh1 Qb6 20. Rf1
h6 21. h3 Qb2 22. Qd5 Bf6 23. Qa5 Qb6 24. Qe1 Qc5 25. Qg3 Kh8 26. Qb3 Qd4 27. c4
Rc8 28. c5 Kg8 29. Qg3 Rxc5 30. Qb8+ Kh7 31. Qxa7 Rc1 32. Qa6 Rxf1+ 33. Qxf1 Qa1
34. Kg1 Bd4+ {DesfontaineVin a abandonné} 0-1

[Event "Tournament 14475 - Europe Echecs"]
[Site "Europe Echecs"]
[Date "2020.07.12"]
[Round "9"]
[Time "18:13:48"]
[PlyCount "107"]
[White "LarmetNino"]
[Black "WeismanNathan"]
[WhiteElo "1818"]
[BlackElo "2186"]
[Mode "WEB"]
[Result "1/2-1/2"]

1. e4 Nf6 2. e5 Nd5 3. d4 Nb6 4. Nf3 d6 5. Be2 g6 6. O-O Bg7 7. exd6 cxd6 8. c4
O-O 9. Nc3 e5 10. Be3 Nc6 11. d5 Ne7 12. Rc1 h6 13. b4 Bg4 14. c5 Nbc8 15. h3
Bxf3 16. Bxf3 f5 17. Be2 f4 18. cxd6 Nxd6 19. Bc5 Nef5 20. Nb5 b6 21. Bxd6 Nxd6
22. Rc6 Nxb5 23. Bxb5 Rf6 24. Qd3 Rd6 25. Rfc1 g5 26. Ba6 Qf6 27. Qc4 Rad8 28.
Rc8 h5 29. Rxd8+ Qxd8 30. Bc8 Kh8 31. Be6 g4 32. hxg4 hxg4 33. Qe4 Qf6 34. Rc8+
Rd8 35. Rxd8+ Qxd8 36. Qg6 Qh4 37. Bxg4 Qf6 38. Qe8+ Kh7 39. Be6 e4 40. Qh5+ Bh6
41. Qf5+ Kg7 42. Qg4+ Bg5 43. Qh5 e3 44. fxe3 fxe3 45. Qe2 Qa1+ 46. Kh2 Qe5+ 47.
g3 Kf6 48. Qf3+ Kg6 49. Qf7+ Kh6 50. Qf8+ Kg6 51. Qf7+ Kh6 52. Qf8+ Kh5 53. Qf7+
Kh6 {Nulle par répétition} 1/2-1/2

[Event "Tournament 14475 - Europe Echecs"]
[Site "Europe Echecs"]
[Date "2020.07.12"]
[Round "9"]
[Time "18:13:48"]
[PlyCount "104"]
[White "RebutPaul"]
[Black "BregnacTristan"]
[WhiteElo "1966"]
[BlackElo "2047"]
[Mode "WEB"]
[Result "1-0"]

1. d4 d5 2. Bf4 Nf6 3. e3 c5 4. Nd2 Nc6 5. c3 Bg4 6. Ngf3 e6 7. Qb3 Qd7 8. Ne5
Nxe5 9. dxe5 c4 10. Nxc4 dxc4 11. Bxc4 O-O-O 12. exf6 Qd2+ 13. Kf1 gxf6 14. h3
Bf5 15. Be2 e5 16. Rd1 Be6 17. Rxd2 Bxb3 18. Rxd8+ Kxd8 19. axb3 exf4 20. exf4
Bd6 21. g3 Kc7 22. Kg2 Rg8 23. Kf3 a6 24. Bc4 Bc5 25. Bxf7 Rd8 26. Re1 Rd2 27.
Re2 Rxe2 28. Kxe2 Kd6 29. f3 Bg1 30. h4 b6 31. h5 h6 32. g4 Ke7 33. Bd5 Bh2 34.
Ke3 Bg3 35. b4 Bh4 36. Bb7 a5 37. bxa5 bxa5 38. Bc6 Be1 39. Ba4 Bh4 40. Bc2 Kd6
41. Ke4 Be1 42. Kf5 Bd2 43. b4 axb4 44. cxb4 Bxb4 45. Kg6 Ke7 46. Kxh6 Kf8 47.
Bb3 f5 48. Kg6 fxg4 49. fxg4 Bd2 50. f5 Be3 51. h6 Bd4 52. f6 {BregnacTristan a abandonné} 1-0

[Event "Tournament 14475 - Europe Echecs"]
[Site "Europe Echecs"]
[Date "2020.07.12"]
[Round "9"]
[Time "18:13:48"]
[PlyCount "146"]
[White "LemiereMaxence"]
[Black "KuhnClement"]
[WhiteElo "1618"]
[BlackElo "2150"]
[Mode "WEB"]
[Result "1-0"]

1. e4 c5 2. Nf3 Nc6 3. Bc4 g6 4. c3 Bg7 5. O-O d6 6. d3 Nf6 7. Be3 O-O 8. Nbd2
a6 9. a3 b5 10. Ba2 Bb7 11. Re1 b4 12. axb4 cxb4 13. Nf1 bxc3 14. bxc3 Ng4 15.
Qd2 Nxe3 16. Nxe3 a5 17. h3 Ba6 18. d4 Rb8 19. Ng4 Qc7 20. Nh6+ Bxh6 21. Qxh6
Rb5 22. e5 Re8 23. Ng5 e6 24. Qxh7+ Kf8 25. Qh8+ Ke7 26. Qf6+ Kd7 27. Qxf7+ Kd8
28. Nxe6+ Rxe6 29. Qxc7+ Kxc7 30. Bxe6 dxe5 31. Bc4 Rb6 32. Bxa6 Rxa6 33. dxe5
Kd7 34. e6+ Ke7 35. Rad1 Nb8 36. Rd5 a4 37. Rb5 Nc6 38. Rb7+ Kd6 39. e7 Nxe7 40.
Rbxe7 Ra8 41. R7e2 a3 42. Ra2 Kc5 43. Rea1 Re8 44. Rxa3 Kc4 45. Ra6 Kxc3 46.
Rxg6 Kd4 47. h4 Rh8 48. g3 Ke5 49. h5 Kf5 50. Ra5+ Ke4 51. Kg2 Kd4 52. Rb6 Kc4
53. h6 Kd4 54. Ra7 Kc5 55. Rg6 Kd5 56. h7 Ke5 57. Rg8 Rxh7 58. Rxh7 Ke6 59. Rgg7
Kf6 60. Ra7 Ke6 61. Rhb7 Kd6 62. Rb6+ Kc5 63. Rg6 Kc4 64. Ra5 Kb4 65. Rf5 Kc4
66. Rg4+ Kd3 67. Kf3 Kd2 68. Rd5+ Kc2 69. Rc4+ Kb3 70. Rc8 Kb4 71. g4 Kb3 72.
Rb5+ Ka4 73. Rb7 {KuhnClement a abandonné} 1-0

[Event "Tournament 14475 - Europe Echecs"]
[Site "Europe Echecs"]
[Date "2020.07.12"]
[Round "9"]
[Time "18:13:48"]
[PlyCount "127"]
[White "DenningerGuilh"]
[Black "NoirMathys"]
[WhiteElo "2065"]
[BlackElo "1897"]
[Mode "WEB"]
[Result "0-1"]

1. c4 Nf6 2. Nc3 g6 3. d4 Bg7 4. e4 d6 5. Be2 O-O 6. Nf3 e5 7. dxe5 dxe5 8. O-O
Qe7 9. Bg5 c6 10. Qc2 Na6 11. a3 h6 12. Bxf6 Bxf6 13. b4 Be6 14. Nd1 Rfd8 15.
Ne3 Nc7 16. Rfd1 Rxd1+ 17. Rxd1 a5 18. c5 axb4 19. axb4 Ra2 20. Qd3 Nb5 21. Bf1
Kg7 22. Nc4 Bg4 23. Rd2 Ra1 24. h3 Bxf3 25. Qxf3 Nd4 26. Qc3 Rb1 27. Nd6 Bg5 28.
Rb2 Ra1 29. b5 Bc1 30. bxc6 bxc6 31. Rb7 Qxb7 32. Qxa1 Bb2 33. Qa2 Qb3 34. Qa7
Nb5 35. Nxb5 cxb5 36. c6 Qc2 37. Qa2 Qc1 38. g3 Bd4 39. c7 b4 40. Qc4 Qd2 41.
Qe2 Qc3 42. Qc4 Qd2 43. Qe2 Qc3 44. Qc4 Qxg3+ 45. Kh1 Qxf2 46. Qxd4 exd4 47.
c8=Q Qxf1+ 48. Kh2 Qf2+ 49. Kh1 Qf3+ 50. Kg1 Qg3+ 51. Kf1 Qf3+ 52. Kg1 Qe3+ 53.
Kf1 Qf4+ 54. Kg1 Qxe4 55. Qc4 Qe3+ 56. Kg2 Qd2+ 57. Kg1 Qd1+ 58. Kg2 b3 59. Qb4
Qe2+ 60. Kg3 Qd3+ 61. Kg2 Qc3 62. Qd6 d3 63. Kf2 Qf6+ {DenningerGuilh a abandonné} 0-1

[Event "Tournament 14475 - Europe Echecs"]
[Site "Europe Echecs"]
[Date "2020.07.12"]
[Round "9"]
[Time "18:13:48"]
[PlyCount "120"]
[White "TritonMaxime"]
[Black "SalvadorLucie"]
[WhiteElo "1843"]
[BlackElo "1979"]
[Mode "WEB"]
[Result "1-0"]

1. e4 e5 2. Nf3 Nc6 3. d4 exd4 4. Nxd4 Bc5 5. Nb3 Bb6 6. Nc3 d6 7. Qe2 Nge7 8.
Be3 O-O 9. O-O-O Bxe3+ 10. Qxe3 Re8 11. f4 Bg4 12. Re1 d5 13. Qg3 Bh5 14. exd5
Nb4 15. Bd3 Nexd5 16. Rxe8+ Qxe8 17. Nxd5 Nxd5 18. Bxh7+ Kxh7 19. Qd3+ Bg6 20.
Qxd5 Qe3+ 21. Qd2 Qxd2+ 22. Kxd2 Rd8+ 23. Kc1 Be4 24. Rg1 Kg6 25. g4 b6 26. Nd2
Bc6 27. Nc4 f6 28. Ne3 Rd4 29. f5+ Kg5 30. c3 Rf4 31. Rd1 Rf3 32. Re1 Rf2 33.
Nc4 Rxh2 34. Re7 Kxg4 35. Rxg7+ Kxf5 36. Rxc7 Bd5 37. Ne3+ Ke4 38. Nxd5 Kxd5 39.
Rxa7 f5 40. Rb7 f4 41. Rxb6 f3 42. Rf6 f2 43. Kd1 Rh1+ 44. Ke2 Rb1 45. Rxf2
Rxb2+ 46. Ke3 Rb8 47. Kd3 Ra8 48. c4+ Kc5 49. Rf5+ Kb4 50. Rb5+ Ka3 51. Kd4 Kxa2
52. Kc3 Ka3 53. Rb1 Ka2 54. Rb2+ Ka3 55. Rb1 Ka2 56. Rb7 Ka3 57. c5 Ka4 58. Kc4
Ka5 59. Rb1 Rc8 60. Ra1# {SalvadorLucie est échec et mat} 1-0